Statistics for Ultimate Eurovision Song Contest Quiz

Click here to take the quiz!

General Stats

  • This quiz has been taken 16 times
  • The average score is 18 of 31

Answer Stats

QuestionAnswer% Correct
Which country has the most wins?Ireland
100%
Which country participated 49 times before winning?Portugal
92%
By population, which country is the biggest competing country?Russia
92%
How many countries took part in the first competetion?7
85%
Which Canadian singer represented Switzerland in 1988?Celine Dion
85%
Germany, UK, Italy, Spain and France makes up...The Big Five
85%
How many countries has only won once?12
77%
In what year were there four winners?1969
77%
Which country is the only one that has participated in every single contest?Germany
77%
What country is the most recent winner?The Netherlands
77%
When was a semi-final first introduced?2004
69%
Which country is the latest debuting country?Australia
69%
This country has only participated once in the contestMorocco
69%
By population, which country is the smallest competing country?San Marino
69%
Televoting was introduced in what year?1997
62%
Who is the contest's Executive Supervisor?Jon Ola Sand
62%
Which country has the boring record of 11 last places?Norway
62%
This song is considered the best song in the contest's historyWaterloo
62%
Where was the first competition held in 1956? (City)Lugano
54%
Which song won with the most percentage of points in the contest's history?Fairytale
46%
What can't the acts bring onto the stage?Live Animals
46%
At 13, this Belgian artist is the youngest winner of the contestSandra Kim
38%
What is shown on screen before each country performs?The Country's Postcard
38%
The Barbara Dex Award is an annual fan award given for?Worst dressed
38%
What should you sing about to win the eurovision according to a famous interval act?Love, Love, Peace, Peace
31%
The contest is based on this competitionSanremo Music Festival
31%
Spain's entry in 1968 "La" by Betty Missiego had how may "La's"?152
23%
In 2003 this 'spin-off' of the contest was held in Copenhagen for the first time.Junior Eurovision Song Contest
15%
The Theme song playing before the contest is namedTe Deum
15%
The contest's shortest song "Aina mun pitää" was how long?1:26
8%
Who is credited for creating the contest?Marcel Bezençon
0%

Score Distribution

Percentile by Number Answered

Percent of People with Each Score

Your Score History

You have not taken this quiz